Normal view
MARC view
- P.W.D Punjab
Entry Personal Name
001 - CONTROL NUMBER
- control field: 44245
003 - CONTROL NUMBER IDENTIFIER
- control field: NUST
005 - DATE AND TIME OF LATEST TRANSACTION
- control field: 20210314132925.0
008 - FIXED-LENGTH DATA ELEMENTS
- fixed length control field: 210314|| aca||aabn | a|a d
040 ## - CATALOGING SOURCE
- Original cataloging agency: NUST
- Transcribing agency: NUST
100 ## - HEADING--PERSONAL NAME
- Personal name: P.W.D Punjab
670 ## - SOURCE DATA FOUND
- Source citation: Work cat.: (NUST): P.W.D Punjab, Rasul Manual no-5 for subordinate engineer water supply, 1954
